Statistics for Quentin Tarantino actors

Click here to take the quiz!

General Stats

  • This quiz has been taken 85 times
    (41 since last reset)
  • The average score is 21 of 41

Answer Stats

CharacterActor% Correct
Cliff BoothBrad Pitt
97%
Lt. Aldo RaineBrad Pitt
97%
Calvin CandieLeonardo DiCaprio
97%
Rick DaltonLeonardo DiCaprio
97%
Jules WinnfieldSamuel L. Jackson
95%
Ordell RobbieSamuel L. Jackson
95%
RufusSamuel L. Jackson
95%
Vincent VegaJohn Travolta
89%
Mr. OrangeTim Roth
89%
The BrideUma Thurman
89%
DjangoJamie Foxx
86%
Mr. BlondeMichael Madsen
86%
Mr. PinkSteve Buscemi
84%
Hans LandaChristoph Waltz
81%
Mr. WhiteHarvey Keitel
81%
Sharon TateMargot Robbie
78%
Butch CoolidgeBruce Willis
76%
Jackie BrownPam Grier
68%
Stuntman MikeKurt Russel
59%
Captain KoonsChristopher Walken
51%
BillDavid Carradine
46%
Marvin SchwarzAl Pacino
43%
Louis GaraRobert De Niro
38%
Nice Guy Eddie CabotChris Penn
32%
Honey BunnyAmanda Plummer
27%
Seth GeckoGeorge Clooney
27%
Joe CabotLawrence Tierney
22%
Drexl SpiveyGary Oldman
19%
JodyChanning Tatum
16%
Beamont LivingstonChris Tucker
14%
Bruce LeeMike Moh
14%
Mr. BlueEdward Bunker
11%
Ray NicoletteMichael Keaton
11%
MarvinPhil LaMarr
11%
Max CherryRobert Forster
11%
Melanie RalstonBridget Fonda
8%
Charles MansonDamon Herriman
3%
Razor CharlieDanny Trejo
3%
Marvin NashKirk Baltz
3%
ElspethMadonna
3%
MentorVal Kilmer
0%

Score Distribution

Percentile by Number Answered

Percent of People with Each Score

Your Score History

You have not taken this quiz since the last reset